000 00623nam a22001937a 4500
999 _c166476
_d166476
005 20190724164946.0
010 _aUR-10278
020 _c400.00
_a9789388356992
035 _aU-8833
037 _bDBAD/PUB
082 _a921
100 _aد يپک بد کی
245 _aلو ح حيا ت
_cد يپک بد کی
246 _bLauhe Hayat (Urdu)
_aby ADeepak Budki
260 _a Delhi
_bEducational Publishing House
_c2018 ء
270 _a3191،Vakil Street,Kucha Pandit,Lal Kuan,
_bDelhi
_e110006
_k23216162
_l00911123211540
300 _a324 ص
_c22 Cm(Hb)
942 _2ddc
_cUR
_h920
_mد ی پ